| 000 | 01221nam a22003017a 4500 | ||
|---|---|---|---|
| 001 | BD-DhSAU 8665 | ||
| 003 | BD-DhSAU | ||
| 005 | 20181218101742.0 | ||
| 008 | 150613b2016 bg a|||| m||| 00| 0 eng d | ||
| 040 | _aBD-DhSAU | ||
| 082 |
_222 _a595.7 _bK112 |
||
| 100 |
_a Kabir , Md. Raihan _4Registration No. #15-06906 |
||
| 245 |
_a Host preference and damage of chewing and sucking Insect pests of stem Amaranth and their eco-friendly management / _c Kabir , Md. Raihan _bMs Thesis |
||
| 260 |
_aSher-e-Bangla Agricultural University : _bDepartment of Entomology, _c2016. |
||
| 300 |
_aix, 73 p. : _bill. ; _c30 cm. |
||
| 500 | _aMS thesis of Department of Entomology, Faculty of Agriculture, Sher-e-Bangla Agricultural University, Dhaka, Bangladesh | ||
| 504 | _aIncludes bibliographical references. | ||
| 590 | _aShofi | ||
| 650 | _aEntomology | ||
| 650 | _a Host preference | ||
| 650 | _aChewing and sucking Insect pest | ||
| 650 | _aStem Amaranth | ||
| 650 | _aEco-friendly management | ||
| 700 |
_aAkter , Tahmina _eSuperviser |
||
| 700 |
_aRahman ,S. M. Mizanur _eCo-superviser |
||
| 856 |
_uhttp://archive.saulibrary.edu.bd:8080/xmlui/handle/123456789/1583 _yOnline Access |
||
| 942 |
_2ddc _cTHESIS |
||
| 999 |
_c14250 _d14249 |
||